Slovenské centrum dizajnu, Bratislava - interiér

Guardado en:
Detalles Bibliográficos
Autor principal: Gergelyová, Anna (Autor)
Otros Autores: Daniel, Peter (Orientador)
Formato: Manuscrito Libro
Lenguaje:eslovaco
Publicado: 2024
Materias:
Acceso en línea:http://is.stuba.sk/zp/portal_zp.pl?podrobnosti=179150
Etiquetas: Agregar Etiqueta
Sin Etiquetas, Sea el primero en etiquetar este registro!

MARC

LEADER 00000ntm a22000003a 4500
001 stuzp98483
003 SK-STU
005 20240608212143.9
007 ta
008 150427s2015----xo-----f-mn---000-0-slo-d
040 |a STU  |b slo 
041 0 |a slo 
100 1 |a Gergelyová, Anna  |u 055150  |4 aut  |U FAD Fakulta architektúry a dizajnu  |T FAD Ústav interiéru a výstavníctva  |X 99281  |U A5150  |Y 396  |7 99281 
242 0 1 |a Slovak Design Center, Bratislava - interior  |y eng 
245 1 0 |a Slovenské centrum dizajnu, Bratislava - interiér 
260 |c 2024 
650 4 |a interiér  |2 slo 
650 4 |a Hurbanove kasárne  |2 slo 
650 4 |a kultúrne centrum  |2 slo 
650 4 |a dizajn  |2 slo 
650 4 |a rekonštrukcia  |2 slo 
650 4 |a Hurban Barracks  |2 eng 
650 4 |a cultural centre  |2 eng 
650 4 |a design  |2 eng 
650 4 |a interior  |2 eng 
650 4 |a reconstruction  |2 eng 
700 1 |a Daniel, Peter  |u 055150  |k Z1  |4 ths  |U FAD Fakulta architektúry a dizajnu  |T FAD Ústav interiéru a výstavníctva  |X 388  |U A5150  |Y 396  |7 A000000388 
856 4 |u http://is.stuba.sk/zp/portal_zp.pl?podrobnosti=179150